header

Finite element analysis of antennas and arrays (Record no. 180878)

MARC details
000 -LEADER
fixed length control field 01257nam a2200313Ia 4500
100 1# - MAIN ENTRY--AUTHOR NAME
Personal name Jin, Jian-Ming,
245 10 - TITLE STATEMENT
Title Finite element analysis of antennas and arrays
260 ## - PUBLICATION, DISTRIBUTION, ETC. (IMPRINT)
Place of publication Hoboken, NJ :
Name of publisher John Wiley & Sons :
-- IEEE Press,
Year of publication c2009.
300 ## - PHYSICAL DESCRIPTION
Number of Pages xiii, 435 p., [16] p. :
Other physical details ill. (some col.)
650 #0 - SUBJECT ADDED ENTRY--TOPICAL TERM
Topical Term Antenna arrays.
Topical Term Finite element method.
700 1# - ADDED ENTRY--PERSONAL NAME
Personal name Riley, Douglas J.,
856 40 - ELECTRONIC LOCATION AND ACCESS
Uniform Resource Identifier http://site.ebrary.com/lib/rucke/Doc?id=10296324

No items available.

© 2026 Rongo University
Contact us: librarian | system librarian | Rongo university